000 00630nam a22002057a 4500
003 OSt
005 20250618103309.0
008 250618b |||||||| |||| 00| 0 eng d
020 _a9783527345311
040 _aKABU
_cKABU
050 _aQD251.3
_b.V54 2019
100 _aVogel, Pierre
245 _aOrganic chemistry:
_btheory, reactivity and mechanisms in modern synthesis, workbook /
_cPierre Vogel & Kendall N. Houk
260 _aWeinheim, Germany:
_bWiley-VCH,
_c2019
300 _av, 282p.
504 _aInclude Bibliographical references
650 _aOrganic chemistry
700 _aHouk, Kendall N.
942 _2lcc
_cBK
999 _c20751
_d20750